Moon - Renee Rapp - Statistics

General Stats
  • This quiz has been taken 15 times
  • The average score is 168 of 278
Answer Stats
Hint Answer % Correct
Verse 1 I
100%
the
100%
moon
90%
when
90%
don't
80%
you
80%
and
70%
can
70%
in
70%
Bridge In
70%
miss
70%
moment
70%
that
70%
we
70%
flip
60%
got
60%
im
60%
know
60%
lights
60%
my
60%
off
60%
room
60%
space
60%
still
60%
this
60%
'til
60%
to
60%
were
60%
your
60%
at
50%
back
50%
be
50%
Chorus But
50%
Pre-Chorus 'Cause
50%
'cause
50%
different
50%
eyes
50%
for
50%
half
50%
how
50%
hurt
50%
kissin'
50%
knew
50%
lookin'
50%
me
50%
not
50%
now
50%
on
50%
one
50%
same
50%
see
50%
split
50%
stars
50%
talkin'
50%
they
50%
time
50%
two
50%
views
50%
with
50%
world
50%
all
40%
Verse 2 Are
40%
are
40%
dancin'
40%
dead
40%
demons
40%
feel
40%
ghost
40%
going
40%
healing
40%
hope
40%
hurts
40%
it
40%
just
40%
leaving
40%
like
40%
lonely
40%
make
40%
mine
40%
movin'
40%
ooh
40%
out
40%
quick
40%
sleepin'
40%
slowly
40%
somewhere
40%
there
40%
they're
40%
too
40%
you're
40%
alive
30%
existing
30%
if
30%
nights
30%
only
30%
persistant
30%
shit's
30%
wonder
30%
left
20%
place
20%
No matching quizzes found
Score Distribution
Percent of People with Each Score
Percentile by Number Answered
Your Score History
You have not taken this quiz